| 000 | 00696nam a2200253Ia 4500 | ||
|---|---|---|---|
| 003 | OSt | ||
| 005 | 20220926014108.0 | ||
| 006 | a|||||r|||| 00| 0 | ||
| 007 | ta | ||
| 008 | 220923b |||||||| |||| 00| 0 eng d | ||
| 037 | _cGeneral Book | ||
| 040 |
_aRTL _cRTL _beng |
||
| 041 |
_2eng _aeng |
||
| 082 | _aY33, L7 | ||
| 100 |
_aBerry Brian J L _995422 |
||
| 245 | 0 | _aContemporary Urban ecology | |
| 260 |
_aNew York _bMacmillan _c1977 |
||
| 300 |
_axiii,497p _ccm. |
||
| 500 | _aBibliography: p 430-475 | ||
| 650 |
_aUrban Sociology _934088 |
||
| 700 | _a Kasarda John D | ||
| 942 |
_hY33, L7 _cGB _2CC |
||
| 999 |
_c627818 _d627818 |
||